000
00256nam a2200109Ia 4500
999
_c
7766
_d
7766
020
_a
978-0023981517
100
_a
Ramesh K.S. Rao
245
0
_a
Fundamentals of Financial Management
260
_a
New York
_b
Prentice Hall
_c
2000
300
_a
808
942
_c
BK